000
00262nam a2200097Ia 4500
005
20251222114344.0
008
251222s1900||||xx |||||||||||||| ||spa||
082
_a
DVD0192/C25/2002
245
0
_a
Conferencia: el laberinto en la literatura latinoamericana:
942
_c
DVD
999
_c
976
_d
976